[Event "CZE-chT1W 2425"]
[Site "Czech Republic"]
[Date "2025.04.06"]
[Round "11.6"]
[White "Novotny, Martin"]
[Black "Krizek, Krystof"]
[Result "0-1"]
[WhiteElo "2100"]
[BlackElo "1988"]
[PlyCount "80"]
[EventDate "2024.10.20"]
[EventType "team-tourn"]
[EventRounds "11"]
[EventCountry "CZE"]
[SourceTitle "CB16_2025"]
[SourceDate "2025.04.16"]
[SourceVersion "1"]
[SourceVersionDate "2025.04.16"]
[SourceQuality "1"]
[WhiteTeam "Neratovice"]
[BlackTeam "Vlasim Spartak"]
[WhiteTeamCountry "CZE"]
[BlackTeamCountry "CZE"]

1. d4 g6 2. c4 Bg7 3. Nf3 f5 4. g3 d6 5. Bg2 Nf6 6. 0-0 0-0 7. Nc3 c6 8. Qb3 Kh8 9. Rd1 a5 10. c5 Ne4 11. Na4 d5 12. Nb6 Ra6 13. Bf4 Nd7 14. Nxd7 Qxd7 15. h4 h6 16. Ne5 Bxe5 17. Bxe5+ Nf6 18. f3 Kh7 19. e4 e6 20. exd5 Nxd5 21. f4 b5 22. Re1 Ra8 23. Rac1 Ba6 24. h5 Rg8 25. hxg6+ Rxg6 26. Kf2 a4 27. Qf3 b4 28. Rh1 a3 29. bxa3 Bb5 30. axb4 Rxa2+ 31. Kg1 Qa7 32. Kh2 Ra3 33. Qf2 Ne3 34. Qb2 Rxg3 35. Kxg3 Nd1+ 36. Qxa3 Qxa3+ 37. Kh4 Qxc1 38. Bf3 Qe3 39. Bxd1 Qf2+ 40. Kh5 Qg2 0-1

[Event "Prague Golden Blitz op 19th"]
[Site "Prague"]
[Date "2024.06.27"]
[Round "3"]
[White "Krizek, Krystof"]
[Black "Aarav, A."]
[Result "0-1"]
[WhiteElo "1981"]
[BlackElo "1817"]
[PlyCount "116"]
[EventDate "2024.06.27"]
[EventType "swiss (blitz)"]
[EventRounds "11"]
[EventCountry "CZE"]
[SourceTitle "EXT 2025"]
[Source "ChessBase"]
[SourceDate "2024.10.14"]
[SourceVersion "1"]
[SourceVersionDate "2024.10.14"]
[SourceQuality "1"]

1. d4 d5 2. Nf3 Nf6 3. Bg5 Bf5 4. e3 e6 5. c4 c6 6. Nc3 Nbd7 7. Bd3 Bxd3 8. Qxd3 Be7 9. cxd5 exd5 10. 0-0 0-0 11. Rab1 h6 12. Bh4 Ne4 13. Nxe4 Bxh4 14. Nd6 Qc7 15. Nxh4 Qxd6 16. Nf5 Qe6 17. b4 b5 18. a4 a6 19. a5 g6 20. Ng3 Nf6 21. Rbc1 Rfc8 22. Rc2 Ne8 23. Rfc1 Qd7 24. e4 Nd6 25. exd5 cxd5 26. Rc5 Nc4 27. Re1 Re8 28. Rf1 Re6 29. f4 Re3 30. Qc2 Rae8 31. f5 g5 32. f6 Rxg3 33. hxg3 Ne3 34. Rc7 Qg4 35. Qc6 Re6 36. Qa8+ Kh7 37. Rxf7+ Kg6 38. Rg7+ Kh5 39. Kf2 Rxf6+ 40. Kxe3 Qe4+ 41. Kd2 Qxd4+ 42. Kc2 Qc4+ 43. Kd2 Qxb4+ 44. Kc2 Qc4+ 45. Kd2 Qd4+ 46. Kc2 Qe4+ 47. Kb2 Qb4+ 48. Kc2 Qc4+ 49. Kb2 Qb4+ 50. Kc2 Qe4+ 51. Kb2 Qd4+ 52. Kc2 Qe4+ 53. Kb2 Rxf1 54. g4+ Kh4 55. g3+ Kh3 56. Qc6 Rf2+ 57. Kb3 Qa4+ 58. Kc3 Rc2+ 0-1

[Event "Prague Golden Blitz op 19th"]
[Site "Prague"]
[Date "2024.06.27"]
[Round "1"]
[White "Krizek, Krystof"]
[Black "Bachmann, Daniel"]
[Result "1-0"]
[WhiteElo "1981"]
[BlackElo "1721"]
[PlyCount "98"]
[EventDate "2024.06.27"]
[EventType "swiss (blitz)"]
[EventRounds "11"]
[EventCountry "CZE"]
[SourceTitle "EXT 2025"]
[Source "ChessBase"]
[SourceDate "2024.10.14"]
[SourceVersion "1"]
[SourceVersionDate "2024.10.14"]
[SourceQuality "1"]

1. d4 Nf6 2. c4 e5 3. e3 Bb4+ 4. Bd2 Bxd2+ 5. Qxd2 exd4 6. exd4 0-0 7. Nc3 Re8+ 8. Be2 d5 9. 0-0-0 Bf5 10. Bf3 c6 11. c5 Nbd7 12. Nge2 Ne4 13. Bxe4 Bxe4 14. f3 Bg6 15. h4 h5 16. g4 b6 17. Nf4 Nf6 18. gxh5 Nxh5 19. Nxg6 fxg6 20. Rdg1 Re6 21. Rg5 Qe8 22. Rhg1 bxc5 23. dxc5 Rb8 24. Qd4 Rb7 25. Qg4 Rbe7 26. Rxg6 Rxg6 27. Qxg6 Re1+ 28. Kc2 Re7 29. Qxe8+ Rxe8 30. Rg6 Rc8 31. Rd6 Kf7 32. Ne2 a5 33. Nd4 Nf4 34. Rxc6 Rxc6 35. Nxc6 Ke6 36. Nxa5 d4 37. b4 Kd5 38. a4 Ne6 39. Nb3 Nc7 40. b5 Na8 41. Kd3 g6 42. Nxd4 Ke5 43. c6 Kd6 44. f4 Nb6 45. a5 Na4 46. b6 Nc5+ 47. Kc4 Na6 48. b7 Kc7 49. f5 g5 1-0

[Event "Prague Golden Blitz op 19th"]
[Site "Prague"]
[Date "2024.06.27"]
[Round "9"]
[White "Padevet, Pavel"]
[Black "Krizek, Krystof"]
[Result "0-1"]
[WhiteElo "1945"]
[BlackElo "1981"]
[PlyCount "97"]
[EventDate "2024.06.27"]
[EventType "swiss (blitz)"]
[EventRounds "11"]
[EventCountry "CZE"]
[SourceTitle "EXT 2025"]
[Source "ChessBase"]
[SourceDate "2024.10.14"]
[SourceVersion "1"]
[SourceVersionDate "2024.10.14"]
[SourceQuality "1"]

1. e4 d6 2. d4 Nf6 3. Nc3 c6 4. Nf3 Qa5 5. Bd2 e5 6. Be2 Nbd7 7. dxe5 dxe5 8. 0-0 Qc7 9. Bc4 Nc5 10. Re1 Bg4 11. h3 Bh5 12. Be2 Rd8 13. Ng5 Bxe2 14. Qxe2 Be7 15. b4 Na6 16. a3 0-0 17. Rad1 c5 18. b5 Nb8 19. Be3 Nbd7 20. Nd5 Nxd5 21. exd5 c4 22. a4 h6 23. Ne4 Nb6 24. Qg4 f5 25. Qg6 fxe4 26. Bxh6 Bf6 27. Rxe4 Qf7 28. Qg4 Nxd5 29. Rxc4 e4 30. Rxe4 Nc3 31. Rxd8 Rxd8 32. Re1 Nxa4 33. Be3 Nb6 34. c4 Nxc4 35. Bxa7 Ne5 36. Qg3 Nd3 37. Rd1 Be5 38. Qe3 Qf5 39. Bb6 Rd7 40. Ba5 Bf4 41. Qe8+ Kh7 42. Bc3 Nxf2 43. Rxd7 Nxh3+ 44. gxh3 Qb1+ 45. Qe1 Be3+ 46. Kg2 Qg6+ 47. Kh1 Qe4+ 48. Kh2 Bf4+ 49. Kg1 0-1

[Event "Prague Golden Blitz op 19th"]
[Site "Prague"]
[Date "2024.06.27"]
[Round "6"]
[White "Passer, Lukas"]
[Black "Krizek, Krystof"]
[Result "1/2-1/2"]
[WhiteElo "1837"]
[BlackElo "1981"]
[PlyCount "106"]
[EventDate "2024.06.27"]
[EventType "swiss (blitz)"]
[EventRounds "11"]
[EventCountry "CZE"]
[SourceTitle "EXT 2025"]
[Source "ChessBase"]
[SourceDate "2024.10.14"]
[SourceVersion "1"]
[SourceVersionDate "2024.10.14"]
[SourceQuality "1"]

1. d4 Nf6 2. c4 d6 3. Nf3 Bg4 4. Nc3 c6 5. e4 Qa5 6. Bd2 e5 7. d5 Qc7 8. Bd3 Nbd7 9. 0-0 Be7 10. Rc1 Bh5 11. Re1 a6 12. b4 0-0 13. h3 a5 14. a3 axb4 15. axb4 Ra3 16. g4 Bg6 17. Ra1 Rfa8 18. Rxa3 Rxa3 19. Qc1 Ra8 20. Be3 cxd5 21. Nxd5 Nxd5 22. cxd5 Qd8 23. Qc2 Rc8 24. Qb1 Nb6 25. Rc1 Na4 26. Rxc8 Qxc8 27. Bd2 Bd8 28. Qb3 Nb6 29. Be3 Nd7 30. Nd2 Qc1+ 31. Kg2 Bb6 32. Nc4 Bxe3 33. Nxe3 h5 34. Qc4 Qxc4 35. Nxc4 hxg4 36. hxg4 Nf6 37. Nxd6 Nxd5 38. exd5 Bxd3 39. f3 Kf8 40. Nxb7 Ke7 41. Nc5 Bb1 42. Ne4 Ba2 43. d6+ Kd7 44. Kf2 g6 45. Ke3 f5 46. gxf5 gxf5 47. Nc3 Bb3 48. f4 Kxd6 49. fxe5+ Kxe5 50. Ne2 Ba4 51. Nf4 Bb5 52. Ng6+ Kd5 53. Kf4 Kc4 1/2-1/2

[Event "CZE-chT1W 2324"]
[Site "Czech Republic"]
[Date "2024.02.18"]
[Round "8.8"]
[White "Borovsky, Ivan"]
[Black "Krizek, Krystof"]
[Result "0-1"]
[WhiteElo "1729"]
[BlackElo "1954"]
[PlyCount "88"]
[EventDate "2023.10.29"]
[EventType "team-tourn"]
[EventRounds "11"]
[EventCountry "CZE"]
[SourceTitle "EXT 2025"]
[Source "ChessBase"]
[SourceDate "2024.10.14"]
[SourceVersion "1"]
[SourceVersionDate "2024.10.14"]
[SourceQuality "1"]
[WhiteTeam "Praha Oaza II"]
[BlackTeam "Vlasim Spartak"]
[WhiteTeamCountry "CZE"]
[BlackTeamCountry "CZE"]

1. e4 d6 2. d4 Nf6 3. Nc3 c6 4. f4 Qa5 5. Bd3 e5 6. Nf3 Bg4 7. Be3 Nbd7 8. h3 Bxf3 9. Qxf3 Qb4 10. dxe5 dxe5 11. 0-0-0 Bc5 12. Bxc5 Qxc5 13. f5 0-0-0 14. g4 g5 15. fxg6 hxg6 16. Rd2 Rh4 17. Rhd1 Qe7 18. Rf2 Rh7 19. Bf1 Ne8 20. Kb1 Nc7 21. Qe3 Qc5 22. Qg3 Ne6 23. Rfd2 Qb4 24. g5 Rhh8 25. Be2 Qe7 26. h4 f5 27. gxf6 Qxf6 28. Bg4 Ndc5 29. b4 Na6 30. Qh3 Nac7 31. Rd6 Rde8 32. Nd5 cxd5 33. exd5 Qxh4 34. Bxe6+ Nxe6 35. Qc3+ Nc7 36. Rxg6 Kb8 37. d6 Nd5 38. Rxd5 Qh1+ 39. Kb2 Qxd5 40. Qc7+ Ka8 41. d7 Qd4+ 42. Kb3 Rd8 43. Rd6 Qg4 44. Rh6 Qg8+ 0-1

[Event "CZE-chT2A 2122"]
[Site "Czech Republic"]
[Date "2022.02.27"]
[Round "9.7"]
[White "Krizek, Krystof"]
[Black "Miskolczi, Vitezslav"]
[Result "1-0"]
[WhiteElo "2062"]
[BlackElo "1942"]
[PlyCount "61"]
[EventDate "2021.10.17"]
[EventType "team-tourn"]
[EventRounds "11"]
[EventCountry "CZE"]
[SourceTitle "EXT 2025"]
[Source "ChessBase"]
[SourceDate "2024.10.14"]
[SourceVersion "1"]
[SourceVersionDate "2024.10.14"]
[SourceQuality "1"]
[WhiteTeam "Vlasim II"]
[BlackTeam "Unichess Sekacek"]
[WhiteTeamCountry "CZE"]
[BlackTeamCountry "CZE"]

1. e4 c5 2. Nf3 g6 3. d4 cxd4 4. Nxd4 Bg7 5. Nc3 Nc6 6. Be3 Nf6 7. Bc4 0-0 8. 0-0 Ng4 9. Qxg4 Nxd4 10. Qd1 Nc6 11. Bb3 Na5 12. Bd4 e5 13. Bc5 Nxb3 14. axb3 Re8 15. Bxa7 d6 16. Qd5 Be6 17. Qxb7 Re7 18. Qb6 Rexa7 19. Qxd8+ Rxd8 20. Rxa7 f5 21. Rfa1 fxe4 22. Ra8 Rxa8 23. Rxa8+ Bf8 24. Nxe4 Kg7 25. Ng5 Bf5 26. c4 h6 27. Ra7+ Kg8 28. Nf3 Bc2 29. b4 Bb3 30. Nd2 Bc2 31. b5 1-0

[Event "CZE-chT2A 2122"]
[Site "Czech Republic"]
[Date "2022.01.16"]
[Round "6.6"]
[White "Krizek, Krystof"]
[Black "Sindler, Michal"]
[Result "0-1"]
[WhiteElo "2062"]
[BlackElo "2127"]
[PlyCount "82"]
[EventDate "2021.10.17"]
[EventType "team-tourn"]
[EventRounds "11"]
[EventCountry "CZE"]
[SourceTitle "EXT 2025"]
[Source "ChessBase"]
[SourceDate "2024.10.14"]
[SourceVersion "1"]
[SourceVersionDate "2024.10.14"]
[SourceQuality "1"]
[WhiteTeam "Vlasim II"]
[BlackTeam "Pankrac II"]
[WhiteTeamCountry "CZE"]
[BlackTeamCountry "CZE"]

1. e4 c5 2. Nf3 d6 3. d4 cxd4 4. Nxd4 Nf6 5. Nc3 Nc6 6. Be2 e5 7. Nb3 Be7 8. Bg5 Nxe4 9. Bxe7 Nxc3 10. Bxd8 Nxd1 11. Rxd1 Kxd8 12. Rxd6+ Ke7 13. Rd2 Bf5 14. c3 Rad8 15. Bb5 Rd6 16. Rxd6 Kxd6 17. Ke2 Rd8 18. Rd1+ Ke7 19. Nc5 Rxd1 20. Kxd1 Nd8 21. Kd2 b6 22. Nd3 Kd6 23. g3 Ne6 24. Bc4 f6 25. b4 Ng5 26. f4 Nf3+ 27. Ke3 Nxh2 28. Ne1 g5 29. Bd3 Bxd3 30. Nxd3 exf4+ 31. gxf4 Kd5 32. Nf2 Nf1+ 33. Kd3 Ng3 34. Ng4 Ke6 35. fxg5 fxg5 36. Kc4 h5 37. Ne3 Ne4 38. Kd4 Nd6 39. c4 Nf5+ 40. Nxf5 Kxf5 41. Kd5 h4 0-1